01228 2200385 4500001002100000005001500021035002000036007000300056008004100059020001800100020001800118082001100136084001700147100003400164245004100198250002000239300003800259500023100297740001900528264004400547336002100591337003000612338002300642650001300665650002000678990001600698990001600714990001600730990001600746990001600762990001600778990001600794990001600810990001600826INLIS00000000000000420260408121339 a0010-0426000003ta260408 g 0 ind  a9786020458489 a9786020458496 a006.76 a006.76 JUB k0 aJubilee EnterpriseePengarang1 aKitab youtuber /cJubilee Enterprise acetakan keempat a204 halaman :bilustrasi ;c21 cm aBuku "Kitab Youtuber" yang disusun oleh Jubilee Enterprise dan diterbitkan oleh Elex Media Komputindo (umumnya terbitan 2018-2019) adalah panduan praktis yang dirancang untuk memandu pemula hingga menjadi YouTuber profesional. aKitab youtuber aJakarta :bElex Media Komputindo,c2018 2rdacontentateks 2rdamediaatanpa perantara 2rdacarrieravolume 4aKomputer 4aPerangkat Lunak aPP000005/19 aPP000017/19 aPP000018/19 aPP000019/19 aPP000020/19 aPP000021/19 aPP000022/19 aPP000023/19 aPP000362/19